00426 2200145 4500001002100000005001500021035002400036090001400060245009400074250001100168260004100179300002800220990001600248990001600264YOGYA00000000000040320140822060113 0010-081400000000443 a813 Pra B aBunga ceplok ungu dari Banten pemberontakan banten Herman Pratikto JL.2cPratikto, Herman aCet. 1 ajakartabElex Media Komputindoc2003 a218 HLM.bILUS.c18 CM. a262-PD/P.04 a264-PD/P.04